[Event "41st Olympiad Women 2014"]
[Site "Tromso NOR"]
[Date "2014.08.14"]
[Round "11.7"]
[Board "3"]
[White "Bulmaga, Irina"]
[Black "Karavade, Eesha"]
[Result "1/2-1/2"]
[WhiteTitle "IM"]
[BlackTitle "IM"]
[WhiteElo "2354"]
[BlackElo "2392"]
[WhiteTeam "Romania"]
[BlackTeam "India"]
[WhiteFideId "13903063"]
[BlackFideId "5012600"]
[EventDate "2014.08.02"]

1. e4 e5 2. Nf3 Nc6 3. Bb5 Nf6 4. O-O Nxe4 5. d4 Nd6 6. Bxc6 dxc6 7. dxe5 Nf5 8.
Qxd8+ Kxd8 9. Rd1+ Ke8 10. Nc3 Ne7 11. h3 Ng6 12. Ne2 c5 13. Ng3 h5 14. Ne4 Be6
15. Bg5 a6 16. Rd2 b6 17. Rad1 Be7 18. Bxe7 Kxe7 19. Neg5 Rhd8 20. Nxe6 Rxd2 21.
Rxd2 Kxe6 22. Ng5+ Ke7 23. f4 h4 24. Nf3 Ke6 25. Kf2 Nxf4 26. Nxh4 Rh8 27. Nf3
Ng6 28. Ke3 Rh5 29. Rd8 Nxe5 30. Re8+ Kd6 31. Nxe5 Rxe5+ 32. Rxe5 Kxe5 33. c4 c6
34. b3 b5 35. a4 bxc4 36. bxc4 a5 37. g3 f5 38. h4 g6 39. Kd3 Kf6 40. Ke3 g5 41.
hxg5+ Kxg5 42. Kf3 Kf6 43. Kf4 Ke6 44. Kf3 Kf7 45. Kf2 Kg7 46. Kf3 Kg6 47. Kf4
Kf6 48. Ke3 Ke5 49. Kd3 Ke6 50. Ke3 1/2-1/2

[Event "41st Olympiad Women 2014"]
[Site "Tromso NOR"]
[Date "2014.08.14"]
[Round "11.7"]
[Board "4"]
[White "Gomes, Mary Ann"]
[Black "Cosma, Elena-Luminita"]
[Result "1/2-1/2"]
[WhiteTitle "WGM"]
[BlackTitle "WGM"]
[WhiteElo "2352"]
[BlackElo "2327"]
[WhiteTeam "India"]
[BlackTeam "Romania"]
[WhiteFideId "5013623"]
[BlackFideId "1201590"]
[EventDate "2014.08.02"]

1. Nf3 d5 2. g3 Nf6 3. Bg2 Bf5 4. b3 e6 5. Bb2 h6 6. O-O Be7 7. d3 Bh7 8. Nbd2
O-O 9. Qe1 c5 10. e4 Nc6 11. Qe2 Rc8 12. a3 b5 13. Kh1 a6 14. Ne1 dxe4 15. dxe4
Nd4 16. Qd1 Qc7 17. c3 Nc6 18. Qe2 Rfd8 19. f4 Na5 20. Rd1 c4 21. b4 Nb3 22. e5
Nxd2 23. Rxd2 Rxd2 24. Qxd2 Rd8 25. Qe2 Nd5 26. Be4 Bxe4+ 27. Qxe4 Nb6 28. Bc1
Na4 29. Qc2 a5 30. Be3 Qc6+ 31. Kg1 axb4 32. axb4 Rd5 33. Rf2 Qd7 34. Rd2 Bd8
35. Rxd5 Qxd5 36. Bd4 Bb6 37. Bxb6 Nxb6 38. Qe2 Qa8 39. Nc2 Nd5 40. Qe1 Qa7+ 41.
Kh1 h5 42. h4 g6 43. Nd4 Nxb4 44. Qb1 Nd3 45. Qxb5 Nf2+ 46. Kg1 Ng4 47. Qb1 Kg7
48. Qe1 Qa2 49. Nf3 Qc2 50. Qd2 Qb1+ 51. Kg2 Qe4 52. Qe1 Qd3 53. Qd2 Ne3+ 54.
Kf2 Nd1+ 55. Kg2 Nxc3 56. Qxd3 cxd3 57. Nd2 f5 58. Kf3 Ne4 59. Nf1 Kf7 60. Ke3
d2 61. Nxd2 Nxg3 62. Kf3 Ne4 63. Nxe4 fxe4+ 64. Kxe4 Ke7 65. Kd4 Kd8 66. Kc4 Kc8
67. Kb4 Kb8 68. Kb5 Kb7 69. Kc5 Kc7 1/2-1/2

[Event "41st Olympiad Women 2014"]
[Site "Tromso NOR"]
[Date "2014.08.14"]
[Round "11.8"]
[Board "1"]
[White "Mamedjarova, Zeinab"]
[Black "Socko, Monika"]
[Result "0-1"]
[WhiteTitle "WGM"]
[BlackTitle "GM"]
[WhiteElo "2229"]
[BlackElo "2470"]
[WhiteTeam "Azerbaijan"]
[BlackTeam "Poland"]
[WhiteFideId "13401521"]
[BlackFideId "1106619"]
[EventDate "2014.08.02"]

1. d4 Nf6 2. Nf3 g6 3. c4 Bg7 4. g3 O-O 5. Bg2 d6 6. O-O Nc6 7. d5 Na5 8. Qa4 c5
9. Bd2 b6 10. Bc3 Bd7 11. Qc2 Nxc4 12. Bxf6 Bxf6 13. Qxc4 Bxb2 14. Nbd2 Bxa1 15.
Rxa1 b5 16. Qf4 a5 17. h4 f6 18. Rc1 a4 19. e4 Qe8 20. Qe3 Qf7 21. Ne1 Rfb8 22.
f4 b4 23. e5 fxe5 24. fxe5 Qg7 25. Nd3 b3 26. axb3 axb3 27. Nc4 Bb5 28. Ndb2
Bxc4 29. Nxc4 Ra4 30. exd6 Rxc4 31. Rxc4 b2 32. Qe6+ Qf7 33. Qxf7+ Kxf7 34. Rf4+
Kg7 35. Be4 b1=Q+ 36. Bxb1 Rxb1+ 37. Kf2 exd6 38. Rf3 Rd1 39. Ra3 h5 40. Ke3
Rxd5 41. g4 hxg4 42. Kf4 Kf6 43. Kxg4 Rd4+ 44. Kg3 c4 45. Ra8 Rd5 46. Rf8+ 0-1

[Event "41st Olympiad Women 2014"]
[Site "Tromso NOR"]
[Date "2014.08.14"]
[Round "11.8"]
[Board "2"]
[White "Zawadzka, Jolanta"]
[Black "Mammadova, Gulnar"]
[Result "1/2-1/2"]
[WhiteTitle "WGM"]
[BlackTitle "WGM"]
[WhiteElo "2398"]
[BlackElo "2334"]
[WhiteTeam "Poland"]
[BlackTeam "Azerbaijan"]
[WhiteFideId "1122320"]
[BlackFideId "13403508"]
[EventDate "2014.08.02"]

1. e4 g6 2. d4 Bg7 3. Nc3 c6 4. Nf3 d6 5. Be3 Nd7 6. Qd2 Qc7 7. Bd3 Ngf6 8. O-O
O-O 9. Ne2 e5 10. dxe5 Nxe5 11. Nxe5 dxe5 12. a4 c5 13. Qc3 c4 14. Qxc4 Qxc4 15.
Bxc4 Nxe4 16. Rfd1 Bf5 17. Bd5 Nf6 18. Bxb7 Rab8 19. Ba6 Rxb2 20. c3 Bc8 21. Bc4
Be6 22. Bb5 a5 23. Bc1 Rb3 24. c4 Rc8 25. Ba3 h5 26. Rdc1 Ne4 27. Rc2 Bh6 28.
Bb2 f6 29. Nc1 Bxc1 30. Raxc1 Nd6 31. f4 Nxc4 32. Ba6 Rc6 33. Bb5 Rc8 34. Bxc4
Rxc4 35. fxe5 Rxb2 36. Rxc4 Bxc4 1/2-1/2

[Event "41st Olympiad Women 2014"]
[Site "Tromso NOR"]
[Date "2014.08.14"]
[Round "11.8"]
[Board "3"]
[White "Abdulla, Khayala"]
[Black "Szczepkowska-Horowska, Karina"]
[Result "0-1"]
[WhiteTitle "WIM"]
[BlackTitle "WGM"]
[WhiteElo "2286"]
[BlackElo "2380"]
[WhiteTeam "Azerbaijan"]
[BlackTeam "Poland"]
[WhiteFideId "13401807"]
[BlackFideId "1122681"]
[EventDate "2014.08.02"]

1. e4 c5 2. Nf3 Nc6 3. d4 cxd4 4. Nxd4 Nf6 5. Nc3 e5 6. Ndb5 d6 7. Bg5 a6 8. Na3
b5 9. Nd5 Be7 10. Bxf6 Bxf6 11. c4 b4 12. Nc2 O-O 13. g3 Bg5 14. Bg2 Qa5 15. O-O
Qc5 16. b3 Ra7 17. Qd3 a5 18. Nde3 Be6 19. Rad1 Rd8 20. h4 Bxe3 21. Nxe3 a4 22.
Nc2 g6 23. Kh2 axb3 24. axb3 Ra2 25. Rd2 Rb2 26. Rfd1 Ra8 27. Bh3 Bxh3 28. Kxh3
Raa2 29. h5 Kg7 30. hxg6 hxg6 31. Qxd6 Qxd6 32. Rxd6 Rxc2 33. Rxc6 Rxf2 34. Rd5
f6 35. Rdd6 Rae2 36. c5 Rxe4 37. Rb6 g5 38. Rb7+ Kg6 0-1

[Event "41st Olympiad Women 2014"]
[Site "Tromso NOR"]
[Date "2014.08.14"]
[Round "11.8"]
[Board "4"]
[White "Bartel, Marta"]
[Black "Mamedjarova, Turkan"]
[Result "1-0"]
[WhiteTitle "WGM"]
[BlackTitle "WGM"]
[WhiteElo "2359"]
[BlackElo "2274"]
[WhiteTeam "Poland"]
[BlackTeam "Azerbaijan"]
[WhiteFideId "1123009"]
[BlackFideId "13402005"]
[EventDate "2014.08.02"]

1. d4 d5 2. Nf3 Nf6 3. c4 e6 4. e3 c6 5. Nbd2 Nbd7 6. Bd3 Bd6 7. O-O O-O 8. e4
dxe4 9. Nxe4 Nxe4 10. Bxe4 Nf6 11. Bc2 h6 12. Qd3 Qc7 13. c5 Bf4 14. Bxf4 Qxf4
15. Ne5 Rd8 16. Rad1 h5 17. Rfe1 Qh6 18. Qf3 Bd7 19. Bb3 Be8 20. Nc4 Rab8 21.
Nd6 Nd5 22. Re5 g6 23. h4 b6 24. g3 bxc5 25. dxc5 Qg7 26. Rde1 Bd7 27. R5e2 Nf6
28. Rd2 Ng4 29. Red1 Qf6 30. Qe2 Kg7 31. Ne4 Qe7 32. Rd6 Be8 33. Qd2 Rdc8 34.
Qc3+ e5 35. Ng5 Rd8 36. R1d2 Rd7 37. Bxf7 Rxd6 38. cxd6 Qf6 39. Be6 Rd8 40. d7
Bxd7 41. Bxd7 Rxd7 42. Rxd7+ 1-0

[Event "41st Olympiad Women 2014"]
[Site "Tromso NOR"]
[Date "2014.08.14"]
[Round "11.10"]
[Board "4"]
[White "Rakic, Marija"]
[Black "Congiu, Mathilde"]
[Result "1/2-1/2"]
[WhiteTitle "WIM"]
[BlackTitle "WIM"]
[WhiteElo "2323"]
[BlackElo "2318"]
[WhiteTeam "Serbia"]
[BlackTeam "France"]
[WhiteFideId "936286"]
[BlackFideId "634581"]
[EventDate "2014.08.02"]

1. d4 Nf6 2. c4 g6 3. Nc3 Bg7 4. e4 d6 5. h3 O-O 6. Be3 c5 7. d5 e6 8. Nf3 exd5
9. cxd5 Re8 10. Nd2 a6 11. a4 Nxe4 12. Ncxe4 f5 13. Nxd6 Qxd6 14. Nc4 Qf8 15. g3
g5 16. Qh5 Nd7 17. Qxg5 b5 18. axb5 Bb7 19. bxa6 Bxd5 20. Rg1 Ne5 21. Nxe5 Rxe5
22. Rd1 c4 23. Bg2 Bxg2 24. Rxg2 Rxa6 25. Kf1 Re8 26. Rg1 Qf7 27. Kg2 Rg6 28.
Qf4 Be5 29. Qf3 f4 30. Bd4 fxg3 31. Qxf7+ Kxf7 32. Bxe5 Rxe5 33. fxg3 Re2+ 34.
Kf3 Rxb2 35. Rd7+ Kg8 36. Rc7 Rc2 37. g4 Rf6+ 38. Kg3 Rf7 39. Rc8+ Rf8 40. Rc7
Rf7 1/2-1/2

[Event "41st Olympiad Women 2014"]
[Site "Tromso NOR"]
[Date "2014.08.14"]
[Round "11.11"]
[Board "1"]
[White "Daulyte, Deimante"]
[Black "Ziaziulkina, Nastassia"]
[Result "0-1"]
[WhiteTitle "WGM"]
[BlackTitle "IM"]
[WhiteElo "2386"]
[BlackElo "2407"]
[WhiteTeam "Lithuania"]
[BlackTeam "Belarus"]
[WhiteFideId "12802859"]
[BlackFideId "13505211"]
[EventDate "2014.08.02"]

1. e4 c5 2. Nf3 d6 3. d4 cxd4 4. Qxd4 Nf6 5. Bg5 Nc6 6. Bb5 Qa5+ 7. Nc3 Qxb5 8.
Nxb5 Nxd4 9. Nfxd4 Nxe4 10. Nc7+ Kd8 11. Nxa8 Nxg5 12. Nb5 a6 13. Nc3 b5 14. f3
g6 15. Nb6 Bb7 16. a4 b4 17. Ncd5 a5 18. Rd1 e6 19. Ne3 Nxf3+ 20. gxf3 Bxf3 21.
Rf1 Bxd1 22. Nxd1 d5 23. Rxf7 Be7 24. Nc8 Bh4+ 25. Ke2 Kxc8 26. Ra7 Bd8 27. Ne3
h5 28. Rg7 g5 29. c3 bxc3 30. bxc3 Rf8 31. Nc2 Bf6 32. Ra7 Kb8 33. Rxa5 Bxc3 34.
Rb5+ Ka8 35. Rc5 Be5 36. Ra5+ Kb7 37. Rb5+ Kc7 38. Nb4 Ra8 39. a5 Bd6 40. Nc2
Bxh2 41. Nd4 Ra6 42. Rb1 Bf4 43. Rh1 h4 44. Kf3 e5 45. Nb3 Kc6 46. Kg4 Kb5 0-1

[Event "41st Olympiad Women 2014"]
[Site "Tromso NOR"]
[Date "2014.08.14"]
[Round "11.11"]
[Board "2"]
[White "Stetsko, Lanita"]
[Black "Zaksaite, Salomeja"]
[Result "0-1"]
[WhiteTitle "FM"]
[BlackTitle "WIM"]
[WhiteElo "2261"]
[BlackElo "2170"]
[WhiteTeam "Belarus"]
[BlackTeam "Lithuania"]
[WhiteFideId "13505300"]
[BlackFideId "12801496"]
[EventDate "2014.08.02"]

1. e4 c5 2. Nf3 e6 3. d4 cxd4 4. Nxd4 Nf6 5. Nc3 Nc6 6. Ndb5 d6 7. Bf4 e5 8. Bg5
a6 9. Na3 b5 10. Nd5 Be7 11. Bxf6 Bxf6 12. c4 b4 13. Nc2 O-O 14. Be2 a5 15. O-O
Bg5 16. Qd3 Be6 17. Rfd1 Ra7 18. b3 Kh8 19. Bf3 g6 20. Qe2 Rd7 21. Rd3 Nb8 22.
a3 bxa3 23. Nxa3 Na6 24. Rdd1 Nc5 25. Qc2 f5 26. Nb5 Bh6 27. Ndc3 Qb6 28. Na4
Nxa4 29. Rxa4 Rc8 30. Qd3 Rb8 31. exf5 Bxf5 32. Be4 Bxe4 33. Qxe4 Rf8 34. Ra2
Rdf7 35. h3 Rxf2 36. Rxf2 Qxf2+ 37. Kh1 Qg3 38. Nxd6 Bf4 39. Kg1 Qh2+ 40. Kf2
Qg3+ 41. Kg1 Qxb3 42. Qd5 a4 43. Ne4 a3 44. Qd6 Rf7 45. Nc5 Be3+ 46. Kh2 Bxc5
47. Qd5 Kg7 48. Qxe5+ Kg8 49. Qd5 Qb8+ 50. Kh1 Qc7 51. Rf1 a2 52. Rxf7 Qxf7 53.
Qa8+ Kg7 54. Qxa2 Qf1+ 55. Kh2 Qg1+ 56. Kg3 Qe3+ 0-1

[Event "41st Olympiad Women 2014"]
[Site "Tromso NOR"]
[Date "2014.08.14"]
[Round "11.11"]
[Board "3"]
[White "Batkovskyte, Dominyka"]
[Black "Nevioselaya, Maria"]
[Result "1-0"]
[WhiteElo "2117"]
[BlackElo "2032"]
[WhiteTeam "Lithuania"]
[BlackTeam "Belarus"]
[WhiteFideId "12803243"]
[BlackFideId "13502280"]
[EventDate "2014.08.02"]

1. d4 d5 2. c4 c6 3. Nc3 Nf6 4. e3 a6 5. Qc2 b5 6. b3 Bg4 7. Nge2 Nbd7 8. h3 Bh5
9. Nf4 Bg6 10. Nxg6 hxg6 11. Be2 e5 12. dxe5 Nxe5 13. Bb2 bxc4 14. bxc4 Bd6 15.
cxd5 cxd5 16. Qa4+ Kf8 17. Rd1 Rb8 18. Ba3 Qe7 19. Bxd6 Qxd6 20. Qxa6 Qxa6 21.
Bxa6 Ra8 22. Bb5 Ra3 23. Nxd5 Rxa2 24. O-O Rh5 25. Nc3 Rc2 26. Rc1 Rxc1 27. Rxc1
Ke7 28. Ra1 Ned7 29. Bxd7 Nxd7 30. Ra7 Rc5 31. Ne2 Kd6 32. Nd4 g5 33. Ra6+ Kd5
34. Nf5 g6 35. Rd6+ Kc4 36. Rd4+ Kb3 37. Rxd7 Rxf5 38. g4 Rf6 39. Rd5 Kc4 40.
Rxg5 Kd3 41. Ra5 Ke2 42. Ra2+ Kf3 43. Ra4 Ke2 44. g5 Rf5 45. h4 Rb5 46. Rf4 Rb7
47. Kg2 Ra7 48. Kg3 Rb7 49. Kg4 Rb1 50. Rxf7 Rg1+ 51. Kh3 Kf1 52. Rf4 Ke2 53. e4
Re1 54. Rf6 Kf1 55. Rxg6 Rxe4 56. Rf6 Kg1 57. g6 Kh1 58. Kg3 Re1 59. h5 Rg1+ 60.
Kf3 Rg5 61. h6 1-0

[Event "41st Olympiad Women 2014"]
[Site "Tromso NOR"]
[Date "2014.08.14"]
[Round "11.11"]
[Board "4"]
[White "Kaliadzich, Maryia"]
[Black "Vanagaite, Giedre"]
[Result "0-1"]
[WhiteElo "2020"]
[BlackElo "2032"]
[WhiteTeam "Belarus"]
[BlackTeam "Lithuania"]
[WhiteFideId "13500015"]
[BlackFideId "12800546"]
[EventDate "2014.08.02"]

1. d4 Nf6 2. c4 g6 3. Nc3 d5 4. Bf4 Bg7 5. e3 O-O 6. Nf3 c6 7. h3 e6 8. Bd3 Nbd7
9. O-O b6 10. cxd5 exd5 11. Rc1 Bb7 12. Qe2 c5 13. Nb5 c4 14. Bb1 Bc6 15. Nd6 b5
16. Rfe1 Nh5 17. Bh2 f5 18. Ne5 Nxe5 19. dxe5 f4 20. Qg4 Qd7 21. Qg5 Qd8 22.
exf4 Qxg5 23. fxg5 Nf4 24. Bxf4 Rxf4 25. g3 Rd4 26. e6 Rd8 27. Nf7 Re8 28. Re2
Bf8 29. a3 b4 30. axb4 Bxb4 31. h4 Rd2 32. Rxd2 Bxd2 33. Rd1 Rxe6 34. Nd8 Ba4
35. Rxd2 Re1+ 36. Kg2 Rxb1 37. Rxd5 Rxb2 38. Rc5 Bb3 39. Rc7 Rd2 40. Nf7 a5 41.
g4 a4 42. h5 a3 43. Ne5 Kf8 44. Nxg6+ hxg6 45. h6 a2 46. Ra7 Rd1 47. h7 a1=Q 48.
Rxa1 Kg7 49. Ra7+ Kh8 50. Rc7 Rd4 51. Kg3 Rd3+ 52. Kh4 c3 53. f4 c2 54. f5 Rd1
55. Rc8+ Kxh7 56. Rc7+ Kg8 57. Rc8+ Kf7 58. Rc7+ Ke8 0-1

[Event "41st Olympiad Women 2014"]
[Site "Tromso NOR"]
[Date "2014.08.14"]
[Round "11.12"]
[Board "1"]
[White "Peng, Zhaoqin"]
[Black "Golubenko, Valentina"]
[Result "1-0"]
[WhiteTitle "GM"]
[BlackTitle "WGM"]
[WhiteElo "2391"]
[BlackElo "2269"]
[WhiteTeam "Netherlands"]
[BlackTeam "Croatia"]
[WhiteFideId "1004786"]
[BlackFideId "4501993"]
[EventDate "2014.08.02"]

1. Nf3 Nf6 2. c4 c5 3. g3 Nc6 4. Bg2 d6 5. d4 cxd4 6. Nxd4 Bd7 7. Nc3 g6 8. O-O
Bg7 9. Nc2 O-O 10. Bg5 Be6 11. Nd5 Bxd5 12. cxd5 Ne5 13. Qd2 Rc8 14. b3 Ned7 15.
Rac1 Nc5 16. f3 Nfd7 17. Kh1 Re8 18. Bh3 a5 19. Na3 Ra8 20. Nb5 Nf6 21. e4 Qb6
22. Qe2 Na6 23. Be3 Qd8 24. Rc2 Nd7 25. a3 Ndc5 26. Rb1 a4 27. b4 Nb3 28. Rd1
Na1 29. Rc4 Nb3 30. Qf2 Rf8 31. Bb6 Qb8 32. Bd7 Bf6 33. Nc3 Nxb4 34. axb4 a3 35.
Qa2 Ra6 36. Be3 Qa8 37. Bb5 Na5 38. bxa5 Rxa5 39. Bd4 Bxd4 40. Rdxd4 Rc8 41. Kg2
Rxc4 42. Rxc4 Qa7 43. Ra4 Rxa4 44. Bxa4 Qd4 45. Qxa3 Qd2+ 46. Kf1 Qd3+ 47. Kf2
Qd4+ 48. Ke2 Qg1 49. Kd2 Qd4+ 50. Kc1 Qe3+ 51. Kb2 Qf2+ 52. Bc2 Qxh2 53. Qa8+
Kg7 54. Qxb7 Qxg3 55. Qxe7 h5 56. Nb5 h4 57. Nxd6 h3 58. Qxf7+ Kh6 59. Qf8+ Kg5
60. Nf7+ Kf4 61. Ne5+ Ke3 62. Ng4+ Ke2 63. Qa3 Qb8+ 64. Qb3 Qxb3+ 65. Kxb3 Kxf3
66. Bd1+ 1-0

[Event "41st Olympiad Women 2014"]
[Site "Tromso NOR"]
[Date "2014.08.14"]
[Round "11.12"]
[Board "2"]
[White "Franciskovic, Borka"]
[Black "Haast, Anne"]
[Result "0-1"]
[WhiteTitle "WIM"]
[BlackTitle "WIM"]
[WhiteElo "2318"]
[BlackElo "2324"]
[WhiteTeam "Croatia"]
[BlackTeam "Netherlands"]
[WhiteFideId "14507943"]
[BlackFideId "1017292"]
[EventDate "2014.08.02"]

1. c4 e5 2. g3 Nf6 3. Bg2 d5 4. cxd5 Nxd5 5. Nc3 Nb6 6. Nf3 Nc6 7. O-O Be7 8. a4
a5 9. d3 Be6 10. Be3 Nd5 11. Nxd5 Bxd5 12. Rc1 O-O 13. Nd2 Nb4 14. Bxd5 Nxd5 15.
Nc4 Re8 16. Bd2 Bb4 17. e4 Nf6 18. Bc3 Nd7 19. Ne3 Bxc3 20. Rxc3 b6 21. Nd5 Nc5
22. Qc2 Rc8 23. Rc1 Re6 24. Kg2 Rd6 25. h4 Rxd5 26. exd5 Qxd5+ 27. f3 Ne6 28.
Qb3 Qxb3 29. Rxb3 Rd8 30. Kf2 Nd4 31. Rbc3 c5 32. Re1 f6 33. Rcc1 Nc6 34. Red1
Kf7 35. Rc4 Ke6 36. Ke3 Nb4 37. Ke2 Nd5 38. Rd2 g6 39. Rd1 Kf5 40. Rd2 Ke6 41.
Rd1 Ne7 42. f4 Nf5 43. Kf2 Nd6 44. Rc2 exf4 45. gxf4 Nf5 46. Re2+ Kf7 47. Re4
Nxh4 48. Rh1 g5 49. fxg5 fxg5 50. Ke2 Kf6 51. Kd2 h5 52. Kc3 Ng6 53. Rxh5 Nf4
54. Rh7 Rxd3+ 55. Kc2 Rd8 56. Ree7 Kf5 57. Ref7+ Kg4 58. Rh1 Kg3 59. Rg7 Rd5 60.
Rh6 Ng2 61. Rxb6 Ne3+ 62. Kc3 c4 63. b4 Rd3+ 64. Kb2 c3+ 65. Ka2 g4 66. bxa5 Nd5
67. Rb1 Rd4 68. Rg1+ Kf3 69. Rf7+ Ke2 70. Rg2+ Kd3 71. Ka3 Ne3 72. Rg1 Nc2+ 73.
Kb3 Rb4+ 74. Ka2 Rb2# 0-1

[Event "41st Olympiad Women 2014"]
[Site "Tromso NOR"]
[Date "2014.08.14"]
[Round "11.12"]
[Board "3"]
[White "Schut, Lisa"]
[Black "Jelica, Mara"]
[Result "1/2-1/2"]
[WhiteTitle "WIM"]
[BlackTitle "WIM"]
[WhiteElo "2317"]
[BlackElo "2184"]
[WhiteTeam "Netherlands"]
[BlackTeam "Croatia"]
[WhiteFideId "1019481"]
[BlackFideId "14504111"]
[EventDate "2014.08.02"]

1. e4 c5 2. Nf3 d6 3. d4 cxd4 4. Nxd4 Nf6 5. Nc3 a6 6. h3 e5 7. Nde2 h5 8. Bg5
Be6 9. Bxf6 Qxf6 10. Nd5 Qd8 11. Nec3 g6 12. Bc4 Bg7 13. O-O O-O 14. Ne3 Nc6 15.
Bd5 Nd4 16. Bxb7 Rb8 17. Bd5 Bc8 18. Ne2 Rxb2 19. Bb3 Qg5 20. Nxd4 exd4 21. f4
Qc5 22. Nc4 d3+ 23. Kh1 dxc2 24. Qd3 Rxb3 25. axb3 Bxa1 26. Rxa1 Qf2 27. Rf1 d5
28. Nd2 c1=Q 29. Rxc1 dxe4 30. Nxe4 Qxf4 31. Rc4 Qe5 32. Rc5 Qa1+ 33. Kh2 Bf5
34. Rxf5 gxf5 35. Qg3+ Kh8 36. Qd6 Kg7 37. Ng3 f6 38. Nxh5+ Kf7 39. Qd7+ Kg6 40.
Nf4+ Kh6 41. Qxf5 Kg7 42. Ne6+ Kf7 43. Ng5+ Ke7 44. Qe6+ Kd8 45. Qd6+ Ke8 46.
Qb8+ Kd7 47. Qb7+ Kd6 48. Ne4+ Ke6 49. Nc5+ Kd6 50. Qb6+ Kd5 51. Nd7 Rf7 52.
Qc5+ Ke6 53. Qc6+ Kf5 54. Qc2+ Kg5 55. h4+ Kh6 56. Qc4 Rxd7 57. Qf4+ Kg6 58.
Qg4+ Kh6 59. Qxd7 Qe5+ 60. Kh3 Qe3+ 61. g3 Qxb3 62. Qf5 Qf7 63. Qf4+ Kg7 64. Qf5
Kh6 65. Qe4 f5 66. Qe3+ Kg7 67. Qd4+ Kh7 68. Qd3 Qg6 69. Kh2 Kg7 70. Qd4+ Qf6
71. Qd7+ Kh6 72. Qd2+ Kg6 73. Qd5 Kg7 74. Qd7+ Kh6 75. Qd2+ Kg6 76. Qd5 Kg7 77.
Qd7+ Kg6 78. Qd5 Qb2+ 79. Kh3 Qf6 80. Kh2 1/2-1/2

[Event "41st Olympiad Women 2014"]
[Site "Tromso NOR"]
[Date "2014.08.14"]
[Round "11.12"]
[Board "4"]
[White "Deur Saric, Zrinka"]
[Black "Muhren, Bianca"]
[Result "1/2-1/2"]
[WhiteTitle "WFM"]
[BlackTitle "WGM"]
[WhiteElo "2113"]
[BlackElo "2314"]
[WhiteTeam "Croatia"]
[BlackTeam "Netherlands"]
[WhiteFideId "14512670"]
[BlackFideId "1008498"]
[EventDate "2014.08.02"]

1. e4 c5 2. Nf3 e6 3. d4 cxd4 4. Nxd4 Nc6 5. Nc3 Qc7 6. Be3 a6 7. Qd2 Nf6 8.
O-O-O Be7 9. f3 b5 10. g4 Nxd4 11. Bxd4 Bb7 12. g5 Nh5 13. Be5 Qxe5 14. Qxd7+
Kf8 15. Qxb7 Bxg5+ 16. Kb1 Qb8 17. Qc6 Qc8 18. Qd6+ Be7 19. Qe5 Qc5 20. Nd5 Rc8
21. Bd3 Nf6 22. Nxf6 Bxf6 23. Qxc5+ Rxc5 24. f4 g5 25. fxg5 Rxg5 26. Be2 Ke7 27.
Bf3 Be5 28. c3 Rc8 29. Rd3 Rc4 30. Kc2 Rg8 31. Rhd1 Rc7 32. Kb3 a5 33. a3 h6 34.
h3 a4+ 35. Ka2 Rg3 36. Bh5 Rg2 37. R3d2 Rg3 38. Rd3 Rg2 39. R3d2 Rg3 1/2-1/2

[Event "41st Olympiad Women 2014"]
[Site "Tromso NOR"]
[Date "2014.08.14"]
[Round "11.13"]
[Board "1"]
[White "Yuan, Yuanling"]
[Black "Repkova, Eva"]
[Result "1-0"]
[WhiteTitle "WIM"]
[BlackTitle "IM"]
[WhiteElo "2241"]
[BlackElo "2358"]
[WhiteTeam "Canada"]
[BlackTeam "Slovakia"]
[WhiteFideId "8604541"]
[BlackFideId "14900440"]
[EventDate "2014.08.02"]

1. e4 e6 2. d4 d5 3. Nc3 Nf6 4. e5 Nfd7 5. f4 a6 6. Nf3 c5 7. Be3 Nc6 8. Qd2 b5
9. dxc5 Bxc5 10. Bd3 d4 11. Nxd4 Nxd4 12. Ne4 Qh4+ 13. Bf2 Qg4 14. Bxd4 Bxd4 15.
Nd6+ Ke7 16. Be4 Bxb2 17. Rb1 Ra7 18. Rxb2 Rc7 19. O-O Nc5 20. h3 Qg3 21. Nf5+
exf5 22. Qd6+ Ke8 23. Bc6+ Bd7 24. Qxc7 Qe3+ 25. Kh1 Qd4 26. Bxd7+ Nxd7 27. Rbb1
Qc5 28. Qb7 Ke7 29. Rbd1 Qc8 30. Qa7 Rd8 31. Rd6 Qxc2 32. Rfd1 Qc8 33. Qd4 1-0

[Event "41st Olympiad Women 2014"]
[Site "Tromso NOR"]
[Date "2014.08.14"]
[Round "11.13"]
[Board "2"]
[White "Stockova, Zuzana"]
[Black "Khoudgarian, Natalia"]
[Result "1-0"]
[WhiteTitle "IM"]
[BlackTitle "WIM"]
[WhiteElo "2383"]
[BlackElo "2136"]
[WhiteTeam "Slovakia"]
[BlackTeam "Canada"]
[WhiteFideId "14900866"]
[BlackFideId "2602121"]
[EventDate "2014.08.02"]

1. e4 e6 2. d4 d5 3. Nc3 Bb4 4. e5 b6 5. Qg4 Bf8 6. Bg5 Qd7 7. Nf3 Ba6 8. Bxa6
Nxa6 9. a3 c5 10. O-O h6 11. Qh3 Ne7 12. Rad1 Ng6 13. Bc1 Be7 14. Rfe1 c4 15. b3
cxb3 16. cxb3 Rc8 17. Ne2 O-O 18. Ng3 Kh7 19. Nh5 Rh8 20. Qg4 Rc3 21. Nd2 Nc7
22. b4 Nb5 23. a4 Nc7 24. b5 a6 25. Nf1 axb5 26. axb5 Nxb5 27. Nfg3 Rhc8 28. Be3
Na3 29. Rf1 Nc2 30. Ne2 Rxe3 31. fxe3 Nxe3 32. Qf3 Bg5 33. Qxf7 Qxf7 34. Rxf7
Nxd1 35. Rxg7+ Kh8 36. Rxg6 Rc2 37. h4 Be3+ 38. Kf1 b5 39. Rxe6 Nc3 40. Nxc3
Rxc3 41. Nf6 Kg7 42. Nxd5 Rc1+ 43. Ke2 Bxd4 44. Re7+ Kf8 45. e6 Be5 46. Rf7+ Ke8
47. Ra7 Ra1 48. Re7+ Kf8 49. Rf7+ Ke8 50. Re7+ Kf8 51. Rb7 Ra6 52. e7+ Kf7 53.
e8=Q+ Kxe8 54. Re7+ Kd8 55. Rxe5 Kd7 56. Nb4 Rb6 57. g4 Rf6 58. Ke3 Rf1 59. Rxb5
Rb1 60. Kf4 Rf1+ 61. Ke5 Rh1 62. h5 1-0

[Event "41st Olympiad Women 2014"]
[Site "Tromso NOR"]
[Date "2014.08.14"]
[Round "11.13"]
[Board "3"]
[White "Botez, Alexandra"]
[Black "Kochetkova, Julia"]
[Result "0-1"]
[WhiteTitle "WFM"]
[BlackTitle "WGM"]
[WhiteElo "2089"]
[BlackElo "2338"]
[WhiteTeam "Canada"]
[BlackTeam "Slovakia"]
[WhiteFideId "2603365"]
[BlackFideId "4139690"]
[EventDate "2014.08.02"]

1. d4 e6 2. c4 Bb4+ 3. Bd2 Qe7 4. Nf3 Nf6 5. a3 Bxd2+ 6. Nbxd2 d6 7. e3 b6 8.
Bd3 Bb7 9. O-O c5 10. b4 Nbd7 11. Qc2 O-O 12. Ng5 h6 13. Nh3 Rac8 14. Qb1 Rfd8
15. Re1 Ba8 16. f3 d5 17. dxc5 bxc5 18. b5 Ne5 19. Bf1 Nfd7 20. Nf2 dxc4 21. f4
Nb6 22. Ra2 Nd3 23. Nxd3 cxd3 24. Bxd3 c4 25. Bc2 Nd5 26. Qa1 Nxf4 27. exf4 Qc5+
28. Kh1 Bxg2+ 29. Kxg2 Rxd2+ 30. Kh1 Qf2 31. Bh7+ Kxh7 32. Qb1+ Kg8 33. Rxd2
Qxd2 34. a4 Qxf4 35. a5 Qf3+ 36. Kg1 Rc5 0-1